000 00479nam a22001817a 4500
005 20251108172942.0
008 250721s1988 xx 000 0 ara d
082 1 4 _aJ/740.0956/HAN
100 1 _acorke، philip
245 1 0 _aHandicrafts of the Arab World /
264 1 _abeirut :
_blibrairie du liban،
_c1988.
300 _a32 P.
650 1 7 _aDRAWING
650 1 7 _aISLAMIC HISTORY
653 _aناشاون صغار (10-14)سنه
942 _2ddc
_cBK
999 _c92632
_d92632